| 000 | 00491nam a2200169 a 4500 | ||
|---|---|---|---|
| 001 | 000029728 | ||
| 005 | 20240322185316.0 | ||
| 008 | 110425s1954 dr 000 0 eng d | ||
| 040 |
_aDO-SdBNP _bspa _cBNPHU |
||
| 041 | 1 | _aeng | |
| 082 |
_axxxx _bO74t |
||
| 100 | 1 |
_aOrnes Coiscou, Germán E., _d1919-1998 _957814 |
|
| 245 | 1 | 0 |
_aTime exposed / _cGerman E. Ornes. |
| 260 |
_aCiudad Trujillo, República Dominicana : _bEditora del Caribe, _c1954. |
||
| 300 |
_a23 p. ; _c23 cm. |
||
| 049 | _aBNPD | ||
| 999 |
_c29220 _d29220 |
||